000 00494nam a2200193Ia 4500
003 OSt
005 20230511100539.0
008 210423s2008 xx 000 0 und d
020 _a9788173198519
040 _cAL
082 _a574.192 SRIM
_223
100 _aSRIVASTAVA (M L).
_9102299
245 _aMicrobial biochemistry.
260 _aNew Delhi
_bNarosa Publishing House
_c2008
300 _axi,513
_bPB
365 _b395
_cINR
906 _abiochemistry. ; Microbial
942 _2ddc
_cBK
999 _c164583
_d164583